| 000 | 01325nam a22002537a 4500 | ||
|---|---|---|---|
| 008 | 100621s2008 ua|||||r|||| 000 0cara d | ||
| 020 | _a9789770923705 | ||
| 082 |
_222 _a189 _bز ي د |
||
| 100 |
_911247 _aزيدان، يوسف |
||
| 245 |
_aحي بن يقظان : _bالنصوص الأربعة ومبدعوها / _cدراسة وتحقيق يوسف زيدان |
||
| 260 |
_aالقاهرة : _bدار الشروق ، 2008 _c2008 |
||
| 300 |
_a234 ص ؛ _c24 سم |
||
| 505 |
_aالمحتويات: حي بن يقظان / _rابن سينا |
||
| 505 |
_aحي بن يقظان / _rابن طفيل |
||
| 505 |
_aالغربة الغربية / _rالسهروردي |
||
| 505 |
_aفاضل بن ناطق / _rابن النفيس |
||
| 600 |
_914926 _aابن طفيل، محمد بن عبد الملك _d 494-581ه |
||
| 600 |
_914925 _aابن سينا، الحسين بن عبد الله _d 370-428 هـ |
||
| 600 |
_914927 _aالسهروردي، يحيى بن حبش _d549-587 هـ |
||
| 600 |
_914940 _aابن النفيس، علي بن أبي الحرم _d - 687 ه |
||
| 650 |
_98788 _aالفلسفة الإسلامية |
||
| 942 |
_2ddc _cBB |
||
| 999 |
_c14132 _d14132 |
||